000
00259nam a2200109Ia 4500
008
230907s9999||||xx |||||||||||||| ||und||
082
_a
570
_b
RUS
245
0
_a
Biology :
260
_a
BROOKS/COLE; Cengage,
_b
Belmont :
_c
2014
300
_a
1306 p.
942
_c
BK
999
_c
600901
_d
600901